Qualitivity The Simultaneous Improvement of Quality and Productivity (Record no. 347892)
[ view plain ]
| 000 -LEADER | |
|---|---|
| fixed length control field | 00429 a2200157 4500 |
| 020 ## - INTERNATIONAL STANDARD BOOK NUMBER | |
| International Standard Book Number | 058287579X |
| 024 ## - OTHER STANDARD IDENTIFIER | |
| Standard number or code | 9780582875791 |
| 082 ## - DEWEY DECIMAL CLASSIFICATION NUMBER | |
| Classification number | 658.4013 |
| 090 ## - LOCALLY ASSIGNED LC-TYPE CALL NUMBER (OCLC); LOCAL CALL NUMBER (RLIN) | |
| -- | 5485 |
| -- | 5485 |
| 100 ## - MAIN ENTRY--PERSONAL NAME | |
| Personal name | York, John. |
| 245 ## - TITLE STATEMENT | |
| Title | Qualitivity The Simultaneous Improvement of Quality and Productivity |
| Statement of responsibility, etc. | John York |
| 260 ## - PUBLICATION, DISTRIBUTION, ETC. | |
| Place of publication, distribution, etc. | Austtralia |
| Name of publisher, distributor, etc. | Longman Professional |
| Date of publication, distribution, etc. | 1992 |
| 300 ## - PHYSICAL DESCRIPTION | |
| Extent | 218 |
| 500 ## - GENERAL NOTE | |
| General note | harccover |
| 942 ## - ADDED ENTRY ELEMENTS (KOHA) | |
| Institution code [OBSOLETE] | NBS |
| Koha item type | Book |
| Call number prefix | 658.4013 YOR |
| Withdrawn status | Lost status | Damaged status | Not for loan | Permanent Location | Current Location | Date acquired | Total Checkouts | Full call number | Barcode | Date last seen | Price effective from | Koha item type |
|---|---|---|---|---|---|---|---|---|---|---|---|---|
| Central Library (CL) | Central Library (CL) | 08/28/2013 | 658.4013 YOR | NBS2243 | 08/28/2013 | 08/28/2013 | Book |
